00764cam a22001811 450000100100000000500170001000800410002701000130006804000250008110000400010624501310014626000430027730000310032049000710035150400350042295201100045799900150056700000162220200929145635.0740710s1926 fr abf 000 0 fre  a26017943 aDO-SdBNPbspacBNPHU1 aMoret, Alexandre,d1868-1938.9530913aLe Nil et la civilisation egyptienne. /cAvec 79 figures et 3 cartes dans le texte et 24 planches hors texte. Par A. Moret ... aParis, :bRenaissance du livre,c1926. axvii p., :bils. ;c20 cm.0 aL'evolution de l'humanite, synthese collective. [1. section. no 7] a"Bibliographie": p. [553]-554. 001052708MOaGRbGRcHDd2009-09-22iLF1l0o p1622-10r2020-06-25w2020-06-25y2ZPréstamo interno c1513d1513